000 00632nam a2200205Ia 4500
008 131103s9999 xx 000 0 und d
040 _aLoreto College
041 _aEnglish
082 _a822.33(ID)/JUL/PRI/822.33/T2/SHA
_b#NAME?
100 _aPrice, George R.
245 2 _aA simplified approach to Shakespeare's Julius Caesar
_cGeorge R. Price
260 _aNew York
_bWoodbury
_c1964
300 _av,54 p.
_c 22 cm.
440 _aBarron's Educational Series
504 _aIncludes bibliographical references
650 _aEnglish Drama
651 _aShakespeare,William - Julius Caesar
850 _aLCLIB
942 _cBK
999 _c4416
_d54895